Eminem Songs by Lyrics - Statistics

General Stats
  • This quiz has been taken 306 times
  • The average score is 6 of 12
Answer Stats
Lyrics Song % Correct
His palms are sweaty, knees weak, arms are heavy Lose Yourself
90%
Ya'll acting like you never seen a white person before, Jaws all on the floor like Pam like Tommy just burst in the door The Real Slim Shady
84%
I can't tell you what it really is, I can only tell you what it fells like Love the Way You Lie
79%
Cause you're scared, I ain't there? Daddy's with you in your prayers Mockingbird
74%
So you be Thor and I'll be Odin, you rodent I'm omnipotent Rap God
70%
Yo Slim, your last four albums sucked, oh shoot, that was three albums ago. What do you know? Oops, know your facts before you come at me lil' goof Killshot
61%
I just drank a fifth of vodka, dare me to drive? My Name Is
42%
I got a couple of mansions, still I don't have any manners Lucky You
25%
Guess it's just the way that I'm dressed ain't it? Khakes pressed, Nike shoes crispy and fresh laced Berzerk
20%
See I'm a poet to some, a regular modern day Shakespeare, Jesus Christ, the King of these Latter Day Saints here Renegade
19%
Every verse, every rhyme as simple as nursery rhymes Crack a Bottle
15%
But you don't wanna hear me spit the facts, your shit is ass like a tailbone Homicide
12%
No matching quizzes found
Score Distribution
Percent of People with Each Score
Percentile by Number Answered
Your Score History
You have not taken this quiz